Sistema de capacitación 1ª etapa: diagnóstico. Plan de acción para el diagnóstico

Guardado en:
Bibliografiske detaljer
Institution som forfatter: Costa Rica. Oficina de Planificación Nacional y Política Económica
Format: Texto
Udgivet: San José: OFIPLAN
Tags: Tilføj Tag
Ingen Tags, Vær først til at tagge denne postø!

MARC

LEADER 00000 a a2200000 04500
001 15446
003
040
090 |a 019200  
110 |a Costa Rica. Oficina de Planificación Nacional y Política Económica  
245 |a Sistema de capacitación 1ª etapa: diagnóstico. Plan de acción para el diagnóstico  
260 |a San José:   |b OFIPLAN  
300 |a 9 p.  
999 |c 16339  |d 16339